Dushman kaun / (Record no. 72474)

MARC details
000 -LEADER
fixed length control field 00579cam a22002174a 4500
001 - CONTROL NUMBER
control field sa 67001219
003 - CONTROL NUMBER IDENTIFIER
control field DLC
005 - DATE AND TIME OF LATEST TRANSACTION
control field 20260227112321.0
008 - FIXED-LENGTH DATA ELEMENTS--GENERAL INFORMATION
fixed length control field 940719s1966 ii 000 1 urdo
010 ## - LIBRARY OF CONGRESS CONTROL NUMBER
LC control number sa 67001219
025 ## - OVERSEAS ACQUISITION NUMBER
Overseas acquisition number PL480:I-U-1531
035 ## - SYSTEM CONTROL NUMBER
System control number (OCoLC)30796033
040 ## - CATALOGING SOURCE
Original cataloging agency DLC
Transcribing agency DLC
050 00 - LIBRARY OF CONGRESS CALL NUMBER
Classification number PK2200.Z5186
Item number D8 1966
100 0# - MAIN ENTRY--PERSONAL NAME
Personal name Z̤iyā ʻAẓīmābādī,
Dates associated with a name 1919-
245 10 - TITLE STATEMENT
Title Dushman kaun /
Statement of responsibility, etc. Z̤iyā ʻAẓīmābādī.
260 ## - PUBLICATION, DISTRIBUTION, ETC.
Place of publication, distribution, etc. Dihlī :
Name of publisher, distributor, etc. Maktabah-yi Shāhrāh,
Date of publication, distribution, etc. 1966.
300 ## - PHYSICAL DESCRIPTION
Extent 156 p. ;
Dimensions 18 cm.
500 ## - GENERAL NOTE
General note Novel.
546 ## - LANGUAGE NOTE
Language note In Urdu.

No items available.

Powered by Koha